LEADER 02322nam 2200613 a 450 001 9910456599303321 005 20200520144314.0 010 $a1-283-24456-X 010 $a9786613244567 010 $a0-472-02751-4 024 7 $a10.3998/mpub.2101103 035 $a(CKB)2550000000046936 035 $a(CaPaEBR)ebrary10496949 035 $a(SSID)ssj0000541789 035 $a(PQKBManifestationID)11375767 035 $a(PQKBTitleCode)TC0000541789 035 $a(PQKBWorkID)10509142 035 $a(PQKB)11303754 035 $a(MiAaPQ)EBC3415009 035 $a(OCoLC)750192420 035 $a(MdBmJHUP)muse769 035 $a(MiU)10.3998/mpub.2101103 035 $a(Au-PeEL)EBL3415009 035 $a(CaPaEBR)ebr10496949 035 $a(CaONFJC)MIL324456 035 $a(EXLCZ)992550000000046936 100 $a20110128d2011 uy 0 101 0 $aeng 135 $aurcn||||||||| 181 $ctxt 182 $cc 183 $acr 200 10$aTax politics in Eastern Europe$b[electronic resource] $eglobalization, regional integration, and the democratic compromise /$fHilary Appel 210 $aAnn Arbor, Mich. $cUniversity of Michigan Press$d2011 215 $a1 online resource (198 p.) 300 $aBibliographic Level Mode of Issuance: Monograph 311 $a0-472-11776-9 320 $aIncludes bibliographical references and index. 327 $aThe decline of tax politics in Eastern Europe -- Creating a capitalist tax structure after communism -- Ceding control : European integration and consumption taxes -- The race to the bottom? : corporate taxes and the competition for capital -- Politics and personal income taxes -- Politics and taxation in Russia : the case of an oil economy -- Globalization, electoral politics, and European taxation. 606 $aTaxation$zEurope, Eastern 607 $aEurope, Eastern$xPolitics and government 607 $aEurope, Eastern$xEconomic integration 608 $aElectronic books. 615 0$aTaxation 676 $a336.200947 700 $aAppel$b Hilary$0880754 712 02$aMichigan Publishing (University of Michigan) 801 0$bMiAaPQ 801 1$bMiAaPQ 801 2$bMiAaPQ 906 $aBOOK 912 $a9910456599303321 996 $aTax politics in Eastern Europe$92157682 997 $aUNINA LEADER 01655nam 2200505I 450 001 9910702741503321 005 20150227140414.0 035 $a(CKB)5470000002430785 035 $a(OCoLC)858918901 035 $a(OCoLC)904155478 035 $a(EXLCZ)995470000002430785 100 $a20130925d2013 ua 0 101 0 $aeng 135 $aurcn||||||||| 181 $ctxt$2rdacontent 182 $cc$2rdamedia 183 $acr$2rdacarrier 200 10$aAerodynamic classification of swept-wing ice accretion /$fAndy P. Broeren, Jeff M. Diebold and Michael B. Bragg 210 1$aCleveland, Ohio :$cNational Aeronautics and Space Administration, Glenn Research Center,$d[2013] 215 $a1 online resource (44 pages) $cillustrations 225 1 $aNASA/TM ;$v2013-216381 300 $aTitle from title screen (viewed Sept. 25, 2013). 300 $a"May 2013." 300 $a"DOT/FAA/TC-13/21." 320 $aIncludes bibliographical references (pages 42-44). 606 $aAircraft icing$2nasat 606 $aAirfoils$2nasat 606 $aSurface roughness$2nasat 606 $aSwept wings$2nasat 606 $aIce formation$2nasat 615 7$aAircraft icing. 615 7$aAirfoils. 615 7$aSurface roughness. 615 7$aSwept wings. 615 7$aIce formation. 700 $aBroeren$b Andy P.$01386216 702 $aDiebold$b Jeff M. 702 $aBragg$b Michael B.$f1954- 712 02$aNASA Glenn Research Center, 801 0$bGPO 801 1$bGPO 906 $aBOOK 912 $a9910702741503321 996 $aAerodynamic classification of swept-wing ice accretion$93461904 997 $aUNINA